Místicas medievales. El rostro femenino de la teología.
Zapisane w:
| 1. autor: | |
|---|---|
| Format: | Nieznany |
| Język: | angielski |
| Wydane: |
Bogotá, D.C., Colombia:
Pontificia Universidad Javeriana,
2017.
|
| Wydanie: | Primera edición. |
| Seria: | Colección Monografías y Tesis,
|
| Hasła przedmiotowe: | |
| Dostęp online: | Disponible Online desde Pontificia Universidad Javeriana |
| Etykiety: |
Dodaj etykietę
Nie ma etykietki, Dołącz pierwszą etykiete!
|
MARC
| LEADER | 00000 a2200000 4500 | ||
|---|---|---|---|
| 003 | CL-VaPUC | ||
| 005 | 20230425162924.0 | ||
| 008 | 230418t2017 ||||| |||| 00| 0 eng d | ||
| 999 | |c 439733 |d 439731 | ||
| 020 | |a 978-958-781-109-4 | ||
| 040 | |c Pontificia Universidad Católica de Valparaíso | ||
| 082 | |2 22 |a 248.220902 GON 2017 | ||
| 100 | |a González Bernal, Edith |9 881577 |e autora | ||
| 245 | |a Místicas medievales. |b El rostro femenino de la teología. | ||
| 250 | |a Primera edición. | ||
| 260 | |a Bogotá, D.C., Colombia: |b Pontificia Universidad Javeriana, |c 2017. | ||
| 300 | |a 325 páginas. | ||
| 490 | |a Colección Monografías y Tesis, |n 23. | ||
| 583 | |k GC |c 20230418 | ||
| 650 | 0 | |9 257649 |a Mujeres |x Misticismo |x Existencia de Dios |y Edad Media | |
| 650 | 0 | |9 440876 |a Mujer medieval |x Experiencia mística |x Cristianismo |y Edad Media | |
| 650 | 0 | |9 881579 |a Beguinas |x Mujeres cristianas |x Ayuda a los desamparados |y Edad Media | |
| 856 | |u https://repository.javeriana.edu.co/bitstream/handle/10554/48226/LIBRO%20GONZALEZ%20MISTICAS%20MEDIEVALES.pdf?sequence=3&isAllowed=y |y Disponible Online desde Pontificia Universidad Javeriana | ||
| 942 | |2 ddc |c BK | ||
| 952 | |0 0 |1 0 |2 ddc |4 0 |6 248_220902000000000_GON_2017 |7 0 |8 A |9 589459 |a BIBTEO |b BIBTEO |c GEN |d 2023-04-05 |e 178 |g 8450.91 |i 5656982 |o 248.220902 GON 2017 |p 5656982 |r 2025-01-17 |t 1 |v 8450.91 |w 2023-04-05 |y BK |k ICR | ||